01776nam a2200361Ia 4500001001200000003000800012006001900020007001500039008004100054020001800095020001800113020001500131040002100146035002100167050002300188111009900211245016100310246007800471260006100549300003700610490006200647500020400709504004100913533015200954650004901106650003101155655002901186700002001215700002101235710001701256856012601273999001501399ebr10698776CaPaEBRm o u cr cn|||||||||070416s2006 si a sb 100 0 eng d z9789812566980 z9789812774071 z9812566988 aCaPaEBRcCaPaEBR a(OCoLC)84992277014aQA913b.C36 2006eb2 aCanberra International Physics Summer Schooln(19th :d2006 :cAustralian National University)10aLecture notes on turbulence and coherent structures in fluids, plasmas and nonlinear mediah[electronic resource] /ceditors, Michael Shats, Horst Punzmann.18aTurbulence and coherent structures in fluids, plasmas and nonlinear media aSingapore ;aHackensack, NJ :bWorld Scientific,cc2006. aviii, 387 p. :bill. (some col.)0 aWorld Scientific lecture notes in complex systems ;vv. 4 a"This book is based on lectures delivered at the 19th Canberra International Physics Summer School held at the Australian National University in Canberra (Australia) from 16-20 January 2006."--P. v. aIncludes bibliographical references. aElectronic reproduction.bPalo Alto, Calif. :cebrary,d2013.nAvailable via World Wide Web.nAccess may be limited to ebrary affiliated libraries. 0aTurbulencexMathematical modelsvCongresses. 0aHydrodynamicsvCongresses. 7aElectronic books.2local1 aShats, Michael.1 aPunzmann, Horst.2 aebrary, Inc.40uhttp://site.ebrary.com/lib/rucke/Doc?id=10698776zAn electronic book accessible through the World Wide Web; click to view c6047d6047